000 00473nab a2200145Ia 4500
003 ES-SlBCS
005 20210601125548.0
008 140529s1989 xxu||||| |||| 00| 0 eng d
041 _aeng
100 1 _aNielsen, Kai
_950638
245 0 0 _aWas Marx an Egalitarian? Skeptical Remarks on Miller's Marx
_c Kai Nielsen
600 1 4 _aMarx, Karl
_d, 1818-1883
_994285
773 0 _tRevue Internationale de Philosophie
_gvol. 43, nº. 170, 1989, págs. 438-450
_wRev889
942 _cAR
999 _c532330
_d532330